| 000 | 00457nam a2200205Ia 4500 | ||
|---|---|---|---|
| 005 | 20240823061746.0 | ||
| 008 | 240823s9999||||xx |||||||||||||| ||und|| | ||
| 020 | _a81-7581-032-7 | ||
| 041 | _aENGLISH | ||
| 082 | _A823.8 Q1 | ||
| 100 | _aThomas Hardy | ||
| 245 | 0 | _aTess of the D'Urbervilles | |
| 250 | _a1st | ||
| 260 |
_c2011 _bRama Bro |
||
| 500 | _aYES | ||
| 650 |
_aStory _bEnglish |
||
| 700 | _aRamji Lall | ||
| 942 | _cBK | ||
| 999 |
_c234285 _d234285 |
||